Statistics for Country Size vs State Size

Click here to take the quiz!

General Stats

  • This quiz has been taken 19 times
  • The average score is 5 of 15

Answer Stats

QuestionAnswer% Correct
Sweden is around the same size as...California
78%
Lesotho is around the same size as...Maryland
50%
Zimbabwe is around the same size as...Montana
50%
Israel is around the same size as...New Jersey
39%
Guatemala is around the same size as...Tennessee
39%
North Macedonia is around the same size as...Vermont
39%
Portugal is around the same size as...Maine
33%
Ecuador is around the same size as...Nevada
33%
Malawi is around the same size as....Pennsylvania
33%
The Bahamas are around the same size as...Connecticut
28%
South Korea is around the same size as...Indiana
28%
Belarus is around the same size as...Kansas
28%
Cuba is around the same size as...Virginia
28%
Panama is around the same size as...South Carolina
22%
The Ivory Coast is around the same size as...New Mexico
17%

Score Distribution

Percentile by Number Answered

Percent of People with Each Score

Your Score History

You have not taken this quiz